000 00325 a2200157 4500
001 72319
020 _a857319412X
040 _cAnchieta - Colégio São Paulo
100 _aZatz, Lia
240 1 0 _aJogo duro
_lpor
245 1 0 _aJogo duro
300 _a102
362 0 _a2004
650 4 _aLiteratura juvenil
942 _cBK
999 _c72319
_d72319